000 00487nam a2200157 a 4500
005 20140412111250.0
008 000818s19uu xx 00 eng d
020 _a0-590-60325-6
050 _aTR(PS E
_bDi61 1994
100 _aStickland, Paul & Henrietta
245 _aDinosaurs roar! /
_cTect by Henrietta Stickland ; illustrations by Paul Stickland.
260 _aNew York :
_bScholastic Inc,
_c1994.
300 _a1 v. (unp.) ; ill.
650 _aDinosaur-Fiction
999 _c103119
_d103119